Statistics for Rivers of Europe Quiz

Click here to take the quiz!

General Stats

  • This quiz has been taken 17,785 times
  • The average score is 10 of 23

Answer Stats

Answer % Correct
Danube
93%
Thames
92%
Rhine
86%
Volga
82%
Seine
81%
Po
62%
Rhone
61%
Tiber
55%
Loire
54%
Elbe
46%
Dnieper
44%
Don
34%
Severn
32%
Vistula
32%
Tagus
26%
Main
26%
Ebro
26%
Douro
21%
Moselle
20%
Dniester
19%
Garonne
19%
Inn
15%
Glomma
8%

Score Distribution

Percentile by Number Answered

Percent of People with Each Score

Your Score History

You have not taken this quiz